| 000 | 01266nam a2200373 a 4500 | ||
|---|---|---|---|
| 001 | 28823752 | ||
| 003 | OCoLC | ||
| 005 | 20230916212742.0 | ||
| 008 | 930914r19921989sp a j 000 0 spa d | ||
| 020 |
_a8434837285 : _c$12.50 |
||
| 020 | _a9788434837287 | ||
| 040 |
_aSXP _beng _cSXP _dYOL |
||
| 041 | 1 |
_aspa _hfre |
|
| 092 | _aSP J690.8 GRA | ||
| 100 | 1 | _aGrant, Donald. | |
| 245 | 1 | 3 |
_aLa casa / _cilustrado por Donald Grant ; realizado por Gallimard Jeunesse y Claude Delafosse ; traduccion, Paz Barroso. |
| 260 |
_aMadrid : _bEdiciones SM, _cc1992, c1989. |
||
| 300 |
_a1 volume (unpaged) : _bcolor illustrations ; _c18 cm. |
||
| 336 |
_atext _btxt _2rdacontent. |
||
| 337 |
_aunmediated _bn _2rdamedia. |
||
| 338 |
_avolume _bnc _2rdacarrier. |
||
| 490 | 1 | _aMundo maravilloso. | |
| 500 | _aTitulo original: La maison. | ||
| 500 | _a"De 3 a 7 aƱos"--Page 4 of cover | ||
| 526 | 0 |
_aAccelerated Reader AR _bLG _c3.9 _d0.5 _z52848. |
|
| 650 | 0 |
_aDwellings _vJuvenile literature. |
|
| 650 | 0 |
_aHousing _vLiteratura juvenil. |
|
| 650 | 0 |
_aSpanish language materials _vJuvenile literature. |
|
| 700 | 1 | 0 | _aDelafosse, Claude |
| 700 | 1 | 0 |
_aBarroso, Paz _etraduccion |
| 710 | 2 | _aGallimard Jeunesse (Publisher) | |
| 830 | 0 | _aMundo maravilloso. | |
| 942 | _cBK | ||
| 999 |
_c28335 _d28335 |
||